000 00705nam a2200205Ia 4500
005 20260121110225.0
008 008 260114s9999 xx 000 0 hin d
020 _a9788132358220
037 _aEBOOK
040 _aCRL
_bhin
_cCRL
041 _ahin
_2hin
084 _qCRL
100 _aराघव देसाई / Raghav Desai
_9943556
245 0 _aब्रिटेन की प्रमुख राजनीतिक घटनाएँ / Briatan Ki Pramukh Rajneetik Ghatnaayein
260 _bभाषा प्रकाशन / Bhasha Prakashan
_c2021
856 _uhttps://bhashaprakashan.com/product-details/378963
942 _cEBOOK
999 _c1535221
_d1535221